LIBRARY & INFORMATION CENTRE, KCAET, TAVANUR

ONLINE PUBLIC ACCESS CATALOGUE (OPAC)

Kaalathinte kavithakal / (Record no. 4525)

MARC details
000 -LEADER
fixed length control field 00433cam a2200181ua 4500
041 ## - LANGUAGE CODE
Language code of text/sound track or separate title mal
082 ## - DEWEY DECIMAL CLASSIFICATION NUMBER
Classification number 894.8121
Item number SKN/KA
100 ## - MAIN ENTRY--AUTHOR NAME
Personal name S K, Nair .
245 ## - TITLE STATEMENT
Title Kaalathinte kavithakal /
260 ## - PUBLICATION, DISTRIBUTION, ETC. (IMPRINT)
Place of publication Eranakulam :
Name of publisher Deepam Publishing Co ,
Year of publication 1957.
300 ## - PHYSICAL DESCRIPTION
Number of Pages 248 ; .
942 ## - ADDED ENTRY ELEMENTS (KOHA)
Koha item type Books
Holdings
Withdrawn status Lost status Damaged status Home library Current library Date acquired Cost, normal purchase price Full call number Accession Number Koha item type
Withdrawn     KAUAET KAUAET 07/04/2012 2.00 894.8121 831 Books
Withdrawn     KAUAET Malayalam University 07/04/2012   894.8121 191 Books
free website counter